000 00721nam0a22002291 4500
001 rc\648210
005 20250621195521.0
035 _a(NLR Aleph) 005888677
090 _a6154297
_c6154297
100 _a20031121d1986 |||y0rusy50 ca
101 0 _arus
102 _aRU
105 _aa |||||||||
200 1 _aНебо и земля
_eРоман
_fВ.М. Саянов
_g[Вступ. ст. Д.Т. Хренкова
_gИл. И.И. Пчелко]
210 _aМ.
_cПравда
_d1986
215 _a667, [2] с.
_cил.
_d21
700 1 _aСаянов
_bВ.М.
_f1903-1959
_gВиссарион Михайлович
801 0 _aRU
_bNLR
_gpsbo
801 1 _aRU
_bELAR
_2rusmarc
852 _aNLR
_j86-3/9316
942 _cBOOK
980 _aNB